Mechanical measurments (Record no. 10315)

MARC details
000 -LEADER
fixed length control field 00668nam a2200217Ia 4500
003 - CONTROL NUMBER IDENTIFIER
control field IN-BaIIA
008 - FIXED-LENGTH DATA ELEMENTS--GENERAL INFORMATION
fixed length control field 211028s9999 xx 000 0 eng d
020 ## - INTERNATIONAL STANDARD BOOK NUMBER
International Standard Book Number 81-85015-90-2
040 ## - CATALOGING SOURCE
Transcribing agency IIA Library
080 ## - UNIVERSAL DECIMAL CLASSIFICATION NUMBER
Universal Decimal Classification number 620.17
Item number BEC
100 ## - MAIN ENTRY--PERSONAL NAME
Personal name Beckwith, Thomas G.
9 (RLIN) 17531
245 #0 - TITLE STATEMENT
Title Mechanical measurments
Statement of responsibility, etc. Thomas G. Beckwith, N. Lewis Buck and Roy D. Marangoni
250 ## - EDITION STATEMENT
Edition statement 3rd ed.
260 ## - PUBLICATION, DISTRIBUTION, ETC.
Place of publication, distribution, etc. New Delhi
Name of publisher, distributor, etc. Narosa Publishing House
Date of publication, distribution, etc. 1987
300 ## - PHYSICAL DESCRIPTION
Extent xviii, 730p.
650 ## - SUBJECT ADDED ENTRY--TOPICAL TERM
Topical term or geographic name entry element Machanics
9 (RLIN) 17532
650 ## - SUBJECT ADDED ENTRY--TOPICAL TERM
Topical term or geographic name entry element NASA Thesaurus
700 ## - ADDED ENTRY--PERSONAL NAME
Personal name Lewis Buck, N.
9 (RLIN) 17533
700 ## - ADDED ENTRY--PERSONAL NAME
Personal name Marangoni, Roy D.
9 (RLIN) 17534
942 ## - ADDED ENTRY ELEMENTS (KOHA)
Koha item type Books
Holdings
Withdrawn status Lost status Damaged status Not for loan Home library Current library Shelving location Date acquired Cost, normal purchase price Total Checkouts Full call number Barcode Date last seen Date last checked out Cost, replacement price Price effective from Koha item type Purchase Price
        IIA Library-Bangalore IIA Library-Bangalore General Stacks 31/01/1992 81.00 1 620.17/ BEC 11225 22/03/2022 08/12/2021 81.00 31/01/1992 Books Rs. 81.00

Powered by Koha